disney's descendants songs films 1-3 - Statistics

General Stats
  • This quiz has been taken 2,401 times
    2,231 since last reset
  • The average score is 18 of 43
Answer Stats
Hint Answer % Correct
Sofia Carson, Dove Cameron, Booboo Stewart, Cameron Boyce, Thomas Doherty, Sarah Jeffrey, China Anne McClain Rotten to the Core
92%
Dover Cameron, Cameron Boyce, Booboo Stewart, Sofia Carson Rotten to the Core
91%
Sofia Carson Rotten to the core
91%
Dove Cameron If Only
87%
China Anne McClain, Thomas Doherty, Dyland Playfair What's My Name
85%
Dove cameron Evil
78%
Jeff Lewis, Mitchell Hope Did I Mention
75%
Mitchell Hope Did I Mention
75%
Kristin Chenoweth, Dove Cameron Evil Like Me
74%
Sarah Jeffrey Queen of Mean
70%
Dove Cameron, Sofia Carson Space Between
70%
China Anne McClain, Sofia Carson and Dove Cameron One kiss
67%
Dove Cameron, Sofia Carson, Cameron Boyce, Booboo Stewart, Mitchell Hope Set It off
65%
Dove Cameron, Sofia carson, Cameron Boyce, Booboo stewart Ways to be Wicked
64%
Mitchell Hope, Spencer Lee Be Our Guest
55%
Booboo Stewart, Dove Cameron, Sofia Carson and Cameron Boyce Good To Be Bad
53%
China Anne McClain, Dove Cameron and Sofia Carson Nightfalls
53%
Sofia Carson Chillin' Like a Villain
49%
Dove Cameron You and Me
47%
Thomas Doherty, Sofia Carson, Cameron Boyce, Booboo Stewart, China Anne McClain, Jadah Marie Break This Down
45%
Cheyenne Jackson, Dove Cameron Do What You Gotta Do
43%
Shawn Mendes Believe
40%
Dove Cameron, Sofia Carson, China Anne McClain It's Goin' Down
38%
Dove Cameron My Once Upon a Time
38%
Dove Cameron If Only reprise
25%
Sarah Jeffrey Happy Birthday
22%
Dove Cameron, Sofia carso, China Anne McClain Good is the new bad
21%
Dove Cameron Kiss the Girl
21%
China Anne McClain Poor Unfortunate Souls
21%
China Anne McClain Night is Young
20%
Dove Cameron Genie in a Bottle
19%
Felicia Barton I'm your Girl
19%
Dove cameron. Sofia Carson I'm Your Girl
19%
China Anne McClain Dig a Little Deeper
16%
Sofia Carson, Dove Cameron Rather be With You
15%
Sofia carson, Dove Cameron Better Together
14%
Vks VK Mashup
13%
Dove Cameron, Sofia carson, Cameron Boyce, Booboo stewart Jolly to the Core
4%
Sofia Carson Chillin like a Snowman
2%
David Lawrence Descendants Suite
1%
Dove Cameron, Sofia Carson China Anne McClain Keep your head on Halloween
1%
Sofia Carson Silent Night
1%
China Anne McClain This Christmas
1%
No matching quizzes found
Score Distribution
Percent of People with Each Score
Percentile by Number Answered
Your Score History
You have not taken this quiz since the last reset